USA and Indian federalisms: similarities and differences (Note) (Record no. 116498)

000 -LEADER
fixed length control field 01036pab a2200169 454500
008 - FIXED-LENGTH DATA ELEMENTS--GENERAL INFORMATION
fixed length control field 180718b2017 xxu||||| |||| 00| 0 eng d
100 ## - MAIN ENTRY--PERSONAL NAME
Personal name Radin, Beryl A.
245 ## - TITLE STATEMENT
Title USA and Indian federalisms: similarities and differences (Note)
260 ## - PUBLICATION, DISTRIBUTION, ETC.
Date of publication, distribution, etc. 2017
300 ## - PHYSICAL DESCRIPTION
Extent p.685-689.
362 ## - DATES OF PUBLICATION AND/OR SEQUENTIAL DESIGNATION
Dates of publication and/or sequential designation Dec
520 ## - SUMMARY, ETC.
Summary, etc. Federal systems across the globe are full of contradictions. They are both individually unique and yet respond to similar objectives and expectations in a constantly changing environment. This dynamic is illustrated by developments in two large federal systemsラIndia and the USAラthat have tried to deal with dramatic differences within their population as they search for ways to make democratic principles come alive. While differences between the two systems are clear, examining both sets of players and pressures can prove to be useful to students of both settings. - Reprodu
650 ## - SUBJECT ADDED ENTRY--TOPICAL TERM
Topical term or geographic name entry element Federalism - USA
650 ## - SUBJECT ADDED ENTRY--TOPICAL TERM
Topical term or geographic name entry element Federalism - India
773 ## - HOST ITEM ENTRY
Main entry heading Indian Journal of Public Administration
909 ## -
-- 116504
Holdings
Withdrawn status Lost status Damaged status Not for loan Permanent Location Current Location Date acquired Serial Enumeration / chronology Barcode Date last seen Price effective from Koha item type
        Indian Institute of Public Administration Indian Institute of Public Administration 2018-07-19 Volume no: 63, Issue no: 4 AR116964 2018-07-19 2018-07-19 Articles

Powered by Koha